A unifying framework for structured analysis and design models : an approach using initial algebra semantics and category theory

Αποθηκεύτηκε σε:
Λεπτομέρειες βιβλιογραφικής εγγραφής
Κύριος συγγραφέας: Tse, T. H.
Μορφή: Βιβλίο
Γλώσσα:English
Δημοσίευση: Cambridge : New York : Cambridge University Press, 1991
Σειρά:Cambridge tracts in theoretical computer science ; ; 11
Θέματα:
Ετικέτες: Προσθήκη ετικέτας
Δεν υπάρχουν, Καταχωρήστε ετικέτα πρώτοι!

MARC

LEADER 00000nam a2200000 i 4500
001 1/37979
008 941103s1991 eng d
020 |a 0521391962 
035 |l 10040653 
035 |a 1993  |c ΠΑΝΑΓΙΩΤΟΠΟΥΛΟΣ 
040 |a GR-MY-UA  |b gre  |e aacr 
041 0 |a eng 
082 0 |a 005.1  |2 (20) 
100 1 |a Tse, T. H. 
245 1 2 |a A unifying framework for structured analysis and design models :  |b an approach using initial algebra semantics and category theory /  |c T.H. Tse 
260 |a Cambridge :   |a New York :   |b Cambridge University Press,   |c 1991 
300 |a 179 p.;  |b ill.;  |c 26 cm 
490 1 |a Cambridge tracts in theoretical computer science  |v ; 11 
504 |a Includes bibliographical references (p. 168-177) and index 
650 0 0 |a Electronic data processing  |x Structured techniques. 
830 0 |a Cambridge tracts in theoretical computer science ;  |v ; 11 
852 |a INST  |b SAMOS  |e 19941103  |h 005.1 TSE  |p 005300003734  |q 005300003734  |t BK  |y 0 
909 |a Σ  |b 029765